[Event "Druzynowe Mistrzostwa Polski - II liga"]
[Site "Sypniewo k. Jastrowia"]
[Date "1899-12-30"]
[Round "6.22"]
[White "Robak, Zbigniew"]
[Black "Szmyd, Arkadiusz"]
[Result "1-0"]
[WhiteTitle "m"]
[BlackTitle "k"]
[WhiteElo "2217"]
[BlackElo "2083"]

1. d4 Nf6 2. Nc3 d5 3. Bg5 e6 4. e4 dxe4 5. Nxe4 Be7 6. Bxf6 Bxf6 7. Nf3 Bd7 8.
Bd3 Bc6 9. c3 Nd7 10. Qe2 Be7 11. h4 Nf6 12. Neg5 Bxf3 13. Nxf3 a6 14. O-O-O c5
15. g4 Qa5 16. Bc4 O-O 17. g5 Nh5 18. Ne5 Nf4 19. Qe4 cxd4 20. Rxd4 Ng6 21. Nxf7
Rxf7 22. Qxe6 Rf8 23. Rd5 Qc7 24. Rf5 Nf4 25. Qe4 b5 26. Bb3 Bd6 27. Rd1 g6 28.
Rxf7 Rxf7 29. Qe8+ Bf8 30. Rd7 Ne2+ 31. Kb1 1-0

[Event "Druzynowe Mistrzostwa Polski - II liga"]
[Site "Sypniewo k. Jastrowia"]
[Date "1899-12-30"]
[Round "6.23"]
[White "Zawierucha, Aleksander"]
[Black "Stoppel, Mariusz"]
[Result "1-0"]
[WhiteTitle "k"]
[BlackTitle "I+"]
[WhiteElo "1900"]
[BlackElo "1956"]

1. d4 d5 2. c4 c6 3. Nf3 Nf6 4. Nc3 dxc4 5. e3 Bg4 6. Bxc4 e6 7. O-O Be7 8. b3
O-O 9. Bb2 Nbd7 10. Rc1 Qa5 11. Be2 Rad8 12. Qc2 Rfe8 13. Rfd1 Bf8 14. a3 a6 15.
b4 Qf5 16. Na4 Ne4 17. h3 Bh5 18. Nc5 Bxc5 19. dxc5 Bxf3 20. Bxf3 Ndf6 21. Rxd8
Rxd8 22. Rd1 Rxd1+ 23. Qxd1 Qd5 24. Qc2 Qf5 25. Qd3 Qd5 26. Qc2 Qf5 27. Bxf6 Nxf6
28. Qd2 g6 29. Qd8+ Kg7 30. Qc7 e5 31. Qxb7 Qb1+ 32. Kh2 e4 33. Be2 Qe1 34. Bc4
Qxf2 35. Qxf7+ Kh6 36. Qf8+ Kh5 37. Qd6 g5 38. Qg3 Qb2 39. Bf7+ Kh6 40. Qb8 Kg7
41. Be6 h5 42. Qc7+ Kh6 43. Bf5 h4 44. Qe7 g4 45. hxg4 h3 46. Qf8+ Kg5 47. Qg7+
Kh4 48. Qh6+ 1-0

[Event "Druzynowe Mistrzostwa Polski - II liga"]
[Site "Sypniewo k. Jastrowia"]
[Date "1899-12-30"]
[Round "6.24"]
[White "Kindler, Karolina"]
[Black "Gonsior, Monika"]
[Result "0-1"]
[WhiteTitle "I++"]
[BlackTitle "m"]
[WhiteElo "1805"]
[BlackElo "1971"]

1. d4 d5 2. c4 e6 3. Nc3 Nf6 4. Bg5 Be7 5. cxd5 exd5 6. e3 c6 7. Bd3 h6 8. Bh4
Nbd7 9. Qc2 O-O 10. Nge2 c5 11. dxc5 Nxc5 12. O-O Be6 13. Rfd1 Rc8 14. Rac1 Bd6
15. Bf5 Qd7 16. Nd4 Nfe4 17. Bxe4 Nxe4 18. Qd3 Nxc3 19. Rxc3 Rxc3 20. Qxc3 Rc8
21. Qd3 a6 22. Bg3 Be7 23. Be5 f6 24. Bf4 Bf7 25. Nf5 Bf8 26. b3 Qc6 27. Nd4 Qe8
28. Qd2 Bc5 29. Nf5 Qe6 30. g4 Rd8 31. h3 h5 32. Qc3 Bf8 33. f3 Rc8 34. Qd2 g5
35. Bg3 Re8 36. Bf2 Qe5 37. Rc1 Bg6 38. Nd4 Bd6 39. f4 Qe4 40. Ne2 hxg4 41. Nc3
Qe6 42. Qxd5 gxh3 43. Bg3 Kf7 44. Rd1 gxf4 45. Bxf4 Bxf4 46. exf4 Qxd5 47. Rxd5
Re3 48. f5 Bh5 49. Rc5 Bf3 50. Kh2 Bg4 51. b4 b6 52. Rc7+ Kf8 53. Rc8+ Kg7 54.
Rc7+ Kh6 55. Nd5 Re2+ 56. Kg1 h2+ 0-1

[Event "Druzynowe Mistrzostwa Polski - II liga"]
[Site "Sypniewo k. Jastrowia"]
[Date "1899-12-30"]
[Round "6.25"]
[White "Szewczyk, Mariusz"]
[Black "Kempinski, Tomasz"]
[Result "0-1"]
[WhiteTitle "k"]
[BlackTitle "FM"]
[WhiteElo "2119"]
[BlackElo "2161"]

1. e4 d5 2. exd5 Nf6 3. d4 Nxd5 4. Nf3 Bf5 5. Bc4 e6 6. O-O Be7 7. Nc3 Nxc3 8.
bxc3 O-O 9. Rb1 Nd7 10. Bf4 Nb6 11. Bd3 Bg4 12. Qe2 Nd5 13. Bd2 b6 14. Rfe1 Qd6
15. c4 Nf6 16. Bc3 c5 17. d5 Rfe8 18. dxe6 Bxe6 19. Rbd1 Qf4 20. g3 Qg4 21. Ne5
Qxe2 22. Rxe2 Ng4 23. Rde1 Bf6 24. f4 Bxe5 25. fxe5 Nh6 26. Rf2 Rad8 27. Kg2 g6
28. h3 Nf5 29. Bd2 Nd4 30. Bg5 Rb8 31. c3 Nc6 32. Bf6 Na5 33. Rf4 b5 34. cxb5
c4 35. Be4 Rxb5 36. Rd1 Rb2+ 37. Rf2 Bxh3+ 38. Kg1 Rb6 39. Rd4 Be6 40. Rh2 h5
41. Bf3 Nc6 42. Rdh4 Rb1+ 43. Kf2 Rb2+ 44. Be2 Nxe5 45. Kf1 Ng4 46. Bxg4 Rb1+
47. Ke2 Bxg4+ 48. Kd2 Re6 49. Bd4 f6 50. Rf2 Kf7 51. Kc2 Rb5 52. Rhh2 Bf5+ 53.
Kd2 Rb2+ 54. Kd1 Rb1+ 55. Kd2 Ree1 56. Re2 Red1+ 57. Ke3 Rd3+ 58. Kf2 Bg4 59.
Rc2 Bd1 0-1

[Event "Druzynowe Mistrzostwa Polski - II liga"]
[Site "Sypniewo k. Jastrowia"]
[Date "1899-12-30"]
[Round "6.27"]
[White "Litner, Igor"]
[Black "Bartkowiak, Damian"]
[Result "1/2-1/2"]
[WhiteTitle "I++"]
[BlackTitle "k"]
[WhiteElo "1983"]
[BlackElo "2099"]

1. g3 c5 2. Bg2 Nc6 3. d3 g6 4. c3 Bg7 5. e4 e5 6. Ne2 Nge7 7. O-O O-O 8. Be3 d6
9. Nd2 b5 10. f4 Rb8 11. Nf3 Qc7 12. fxe5 Nxe5 13. Nxe5 dxe5 14. Qc2 Be6 15. Kh1
h6 16. Ng1 Rfd8 17. Bh3 Bxh3 18. Nxh3 c4 19. dxc4 bxc4 20. b4 Rd3 21. Bc5 Rbd8
22. Rad1 Nc8 23. Nf2 Qc6 24. Nxd3 Qxe4+ 25. Qg2 Qxg2+ 26. Kxg2 cxd3 27. g4 e4
28. Kf2 Nb6 29. Bxb6 axb6 30. Ke3 Bxc3 31. Kxe4 Rd4+ 32. Ke3 d2 33. a3 Rxg4 34.
Rf4 Rg2 35. Rc4 Bf6 36. h4 Rg3+ 37. Kxd2 Rxa3 38. h5 gxh5 39. Rc6 Kg7 40. Rxb6
h4 41. Ke2 h3 42. Kf2 Rb3 43. Rb7 Be5 44. Kg1 Kg6 45. b5 f5 46. Kh1 Bg3 47. b6
h5 48. Rc1 h4 49. Rbc7 Rxb6 50. R7c6+ Rxc6 51. Rxc6+ Kg5 52. Rc5 Bf4 53. Rc1 Kf6
1/2-1/2

[Event "Druzynowe Mistrzostwa Polski - II liga"]
[Site "Sypniewo k. Jastrowia"]
[Date "1899-12-30"]
[Round "6.28"]
[White "Walkusz, Witoslaw"]
[Black "Rzeszowski, Dominik"]
[Result "1/2-1/2"]
[WhiteTitle "FM"]
[BlackTitle "I++"]
[WhiteElo "2015"]
[BlackElo "1863"]

1. e4 e5 2. Nf3 Nc6 3. Bb5 f5 4. d3 fxe4 5. dxe4 Nf6 6. O-O d6 7. Nc3 Be7 8. Qd3
Bg4 9. h3 Bh5 10. Ng5 Qd7 11. f4 h6 12. fxe5 hxg5 13. exf6 Bxf6 14. Nd5 Bd4+ 15.
Qxd4 Nxd4 16. Nxc7+ Kd8 17. Bxd7 Kxc7 18. Bg4 Bxg4 19. hxg4 Raf8 20. Rxf8 Rxf8
21. g3 Re8 22. c3 Ne2+ 23. Kf2 Nxc1 24. Rxc1 Rxe4 25. Kf3 Re5 1/2-1/2

[Event "Druzynowe Mistrzostwa Polski - II liga"]
[Site "Sypniewo k. Jastrowia"]
[Date "1899-12-30"]
[Round "6.29"]
[White "Powalka, Michal"]
[Black "Przybylak, Lukasz"]
[Result "0-1"]
[WhiteTitle "I++"]
[BlackTitle "I"]
[WhiteElo "1970"]
[BlackElo "1858"]

1. e4 c6 2. Nc3 d5 3. Nf3 dxe4 4. Nxe4 Bf5 5. Ng3 Bg6 6. Ne5 Nd7 7. Nxg6 hxg6 8.
d4 Ngf6 9. Bc4 e6 10. Bb3 Qc7 11. Qf3 c5 12. Be3 c4 13. Bf4 Qa5+ 14. Bd2 Qa6 15.
Bxc4 Qxc4 16. Qxb7 Rb8 17. Qxa7 Rxb2 18. c3 Bd6 19. Qa8+ Nb8 20. Qf3 Rxa2 21.
Rb1 Rxd2 22. Kxd2 Nd5 23. Rb2 Bf4+ 24. Kc2 Nc6 25. Ne2 Nxc3 26. Qd3 Qxd3+ 27.
Kxd3 Nxe2 28. Rxe2 Kd7 29. h3 Ra8 30. Rd1 Ra3+ 31. Kc4 Kd6 32. Rc2 Ra4+ 33. Kb3
Rb4+ 34. Kc3 Kd5 35. Ra2 Rc4+ 36. Kb2 Nxd4 37. Ra7 Bc7 38. Rc1 Rxc1 39. Kxc1 Nb5
40. Ra8 f5 41. Kd2 Be5 42. Rd8+ Nd6 43. Ke2 g5 44. Ra8 Bf6 45. Ra4 Nc4 46. Ra8
e5 47. Ra7 e4 48. Rd7+ Ke5 49. Rc7 Kd4 50. Rd7+ Kc3 51. Rd5 f4 52. Rd7 Bd4 53.
Rd5 Ne5 54. Rb5 Kc4 55. Rb7 Nd3 56. Rc7+ Kd5 57. f3 exf3+ 58. Kxf3 Ne5+ 59. Ke2
g6 60. Rg7 Ke4 61. Rg8 Be3 62. Re8 Kf5 63. Rf8+ Ke6 64. Re8+ Kf6 65. Rf8+ Ke7
66. Ra8 g4 67. hxg4 Nxg4 68. Ra6 Ne5 69. g3 g5 70. gxf4 gxf4 71. Ra4 Kf6 72. Re4
Ng4 73. Re8 Kf5 74. Re7 Ne5 75. Rb7 Ke4 76. Rb4+ Kd5 77. Rb3 Kd4 78. Rb4+ Nc4
79. Rb3 f3+ 80. Kxf3 Nd2+ 81. Kg4 Nxb3 82. Kf5 Kd5 83. Kf6 Nd4 84. Ke7 Bg5+ 85.
Kd7 Nb5 86. Ke8 Ke6 87. Kf8 Nd6 88. Kg7 Kf5 89. Kg8 Kg6 90. Kf8 Bf6 91. Kg8 Be7
92. Kh8 Nf7+ 93. Kg8 Nh6+ 0-1

[Event "Druzynowe Mistrzostwa Polski - II liga"]
[Site "Sypniewo k. Jastrowia"]
[Date "1899-12-30"]
[Round "6.30"]
[White "Filipska, Maja"]
[Black "Bebnik, Malgorzata"]
[Result "1/2-1/2"]
[WhiteTitle "I++"]
[BlackTitle "I++"]
[WhiteElo "1886"]
[BlackElo "1756"]

1. e4 c5 2. Nf3 Nc6 3. d4 cxd4 4. Nxd4 Nf6 5. Nc3 e6 6. Ndb5 Bb4 7. Nd6+ Ke7 8.
Nxc8+ Rxc8 9. Bd3 d5 10. exd5 Nxd5 11. Bd2 Qa5 12. Nxd5+ Qxd5 13. O-O Bxd2 14.
Qxd2 Rhd8 15. Rfd1 Kf8 16. Qf4 h6 17. h3 Qh5 18. Re1 Rd4 19. Re4 Rxe4 20. Qd6+
Kg8 21. Bxe4 Qe2 22. Bxc6 bxc6 23. Qd7 Rb8 24. Qxc6 Rxb2 25. Qa8+ Kh7 26. Qxa7
Rxc2 27. a4 f5 28. Qe3 Qc4 29. a5 Re2 30. Qb6 Qc3 31. Rb1 Re1+ 32. Rxe1 Qxe1+
33. Kh2 Qe5+ 34. g3 f4 35. gxf4 Qxf4+ 36. Kg2 Qg5+ 37. Kf3 Qf5+ 38. Ke2 Qc2+ 39.
Ke3 Qc3+ 40. Ke4 Qc4+ 41. Qd4 Qe2+ 42. Qe3 Qb5 43. Qd2 Qf5+ 44. Kd4 Qd5+ 45. Ke3
Qg5+ 46. Ke2 Qe5+ 47. Kf1 Qb5+ 48. Kg1 Qb1+ 49. Kh2 Qb5 50. f3 Qe5+ 51. Kg2 Qb5
52. Qc2+ Kh8 53. Qc8+ Kh7 54. a6 Qe2+ 55. Kg3 Qe1+ 56. Kg2 Qe2+ 1/2-1/2

[Event "Druzynowe Mistrzostwa Polski - II liga"]
[Site "Sypniewo k. Jastrowia"]
[Date "1899-12-30"]
[Round "6.31"]
[White "Karpus, Michal"]
[Black "Kozlowski, Michal"]
[Result "1/2-1/2"]
[WhiteTitle "FM"]
[BlackTitle "I++"]
[WhiteElo "2179"]
[BlackElo "2032"]

1. e4 c5 2. Nf3 Nc6 3. d4 cxd4 4. Nxd4 e5 5. Nb5 d6 6. N1c3 a6 7. Na3 Be7 8. Be3
Nf6 9. Nc4 b5 10. Nb6 Rb8 11. Nxc8 Qxc8 12. Be2 O-O 13. O-O b4 14. Nd5 Nxe4 15.
a4 a5 16. Bb5 Bd8 17. c3 bxc3 18. Rc1 Ne7 19. Qd3 Nxd5 20. Qxd5 Nf6 21. Qxd6 Bc7
22. Qa3 cxb2 23. Qxb2 Qb7 24. Qe2 Bb6 25. Bxb6 Qxb6 26. Qxe5 1/2-1/2

[Event "Druzynowe Mistrzostwa Polski - II liga"]
[Site "Sypniewo k. Jastrowia"]
[Date "1899-12-30"]
[Round "6.32"]
[White "Kitewski, Bartosz"]
[Black "Kukula, Pawel"]
[Result "1/2-1/2"]
[WhiteTitle "I"]
[BlackTitle "m"]
[WhiteElo "1807"]
[BlackElo "2121"]

1. d4 Nf6 2. c4 g6 3. Nc3 Bg7 4. e4 d6 5. Nf3 O-O 6. Be2 e5 7. O-O Nc6 8. d5 Ne7
9. Ne1 Nd7 10. Be3 f5 11. f3 f4 12. Bf2 g5 13. Nd3 Ng6 14. c5 Nf6 15. a4 Rf7 16.
cxd6 cxd6 17. Nb5 g4 18. Qe1 Bf8 19. Rc1 Rg7 20. Kh1 g3 21. hxg3 fxg3 22. Bxg3
Nh5 23. Bh2 a6 24. g4 Nhf4 25. Nxf4 Nxf4 26. Bxf4 exf4 27. Nd4 h5 28. g5 Rxg5
29. Rg1 Bg7 30. Ne6 Rxg1+ 31. Qxg1 Qh4+ 32. Qh2 Qxh2+ 33. Kxh2 Bxb2 34. Rg1+ Kf7
35. Rg5 Bd7 36. Rxh5 Bxe6 37. dxe6+ Kxe6 38. Bc4+ Kf6 39. Rh6+ Ke5 40. Bd5 Rb8
41. Re6+ Kd4 42. Rxd6 Ke3 43. Rb6 Bd4 44. Rxb7 1/2-1/2

[Event "Druzynowe Mistrzostwa Polski - II liga"]
[Site "Sypniewo k. Jastrowia"]
[Date "1899-12-30"]
[Round "6.33"]
[White "Pacuszka, Tomasz"]
[Black "Slawinski, Miroslaw"]
[Result "1-0"]
[WhiteTitle "FM"]
[BlackTitle "k"]
[WhiteElo "2186"]
[BlackElo "2035"]

1. e4 e6 2. d3 d5 3. Nd2 Nf6 4. Ngf3 dxe4 5. dxe4 Bc5 6. Bd3 Nc6 7. O-O e5 8. Qe2
Bg4 9. c3 Qd7 10. b4 Bb6 11. Nc4 Qe6 12. a4 Bxf3 13. Qxf3 Ng4 14. a5 Bxf2+ 15.
Rxf2 Nxf2 16. Qxf2 O-O 17. Ne3 Ne7 18. g3 Rad8 19. Qe2 g6 20. b5 Rd7 21. Bc4 Qd6
22. Ba3 Qf6 23. Ng4 Qg7 24. Rf1 Rd6 25. Bxd6 cxd6 26. Qd2 1-0

[Event "Druzynowe Mistrzostwa Polski - II liga"]
[Site "Sypniewo k. Jastrowia"]
[Date "1899-12-30"]
[Round "6.34"]
[White "Strepikowski, Pawel"]
[Black "Krainski, Slawomir"]
[Result "1-0"]
[WhiteTitle "I"]
[BlackTitle "k"]
[WhiteElo "1773"]
[BlackElo "2082"]

1. e4 d6 2. d4 Nf6 3. Nc3 Nbd7 4. Nf3 e5 5. Bc4 Be7 6. O-O O-O 7. h3 c6 8. dxe5
dxe5 9. Bg5 b5 10. Bd3 Qc7 11. Bh4 Re8 12. Bg3 Bf8 13. a3 a5 14. Re1 Bb7 15. Na2
Nc5 16. b4 axb4 17. axb4 Na4 18. Qc1 Rad8 19. Bf1 Nb6 20. Qb2 Nfd7 21. Qb3 Be7
22. Nc1 Bf6 23. Nd3 Nc4 24. Nb2 Ncb6 25. c4 bxc4 26. Nxc4 Nxc4 27. Bxc4 Nb6 28.
Bf1 Bc8 29. Rec1 Qb7 30. Ba6 Qd7 31. b5 cxb5 32. Bxb5 Qe6 33. Qb2 Bd7 34. Ra6
Bxb5 35. Qxb5 Rd6 36. Nxe5 Nc8 37. Nc6 Qxe4 38. Bxd6 Nxd6 39. Qa4 Qxa4 40. Rxa4
g6 41. Rb4 Kg7 42. Rd1 Re6 43. Nd4 Re7 44. Nc2 Nf5 45. g4 Rc7 46. gxf5 Rxc2 47.
fxg6 hxg6 48. Rd7 Rc8 49. Rbb7 Rf8 50. Kg2 Bc3 51. Kg3 Ba1 52. Kg4 Bc3 53. f4
Kf6 54. Rb6+ Kg7 55. f5 Kh6 56. f6 Kh7 57. h4 Ba5 58. Ra6 Bc3 59. h5 Kh6 60. hxg6
Kxg6 61. Rc6 Be5 62. Rd5 Re8 63. Ra6 Bxf6 64. Rg5+ 1-0

[Event "Druzynowe Mistrzostwa Polski - II liga"]
[Site "Sypniewo k. Jastrowia"]
[Date "1899-12-30"]
[Round "6.35"]
[White "Krainski, Aleksander"]
[Black "Taranowicz, Michal"]
[Result "0-1"]
[WhiteTitle "FM"]
[BlackTitle "I+"]
[WhiteElo "2037"]
[BlackElo "1855"]

1. Nf3 c5 2. g3 Nc6 3. Bg2 g6 4. O-O Bg7 5. d3 e6 6. e4 Nge7 7. Re1 O-O 8. c3 d5
9. Nbd2 b5 10. exd5 exd5 11. Nb3 Qb6 12. Be3 Bg4 13. Bxc5 Qc7 14. h3 Be6 15. Nbd4
Nxd4 16. Bxd4 Nc6 17. Bxg7 Kxg7 18. a4 b4 19. Ng5 Rfe8 20. Rc1 Qb6 21. Qf3 Re7
22. Qf4 Rae8 23. Nxe6+ fxe6 24. Qe3 Qa6 25. c4 Qxa4 26. Qc5 e5 27. cxd5 Nd4 28.
d6 Rf7 29. Ra1 Qc2 30. Rxe5 Qxc5 31. Rxc5 Nb3 32. d7 Rxd7 33. Bc6 Nxc5 34. d4
Rc8 35. Bxd7 Nxd7 36. Rxa7 Rd8 37. Rb7 Kf6 38. Kg2 Nf8 39. Rxb4 Ne6 40. Kf3 Nxd4+
41. Ke4 Ne6 42. Rb6 Rd4+ 43. Ke3 Rd1 44. Rb7 h5 45. h4 Re1+ 46. Kf3 Rb1 47. Ke3
Kf5 48. Rb4 Re1+ 49. Kf3 Re5 50. Rb7 Nd4+ 51. Kg2 Re6 52. Rb8 Ke4 53. Rb4 Kd3
54. Rb8 Ke2 55. Rb4 Nc2 56. Rf4 Ne1+ 57. Kg1 Nd3 58. Rf8 Nxb2 59. Ra8 Nd3 60.
Ra2+ Kf3 0-1

[Event "Druzynowe Mistrzostwa Polski - II liga"]
[Site "Sypniewo k. Jastrowia"]
[Date "1899-12-30"]
[Round "6.36"]
[White "Zarebska, Lena"]
[Black "Cieslak, Wiktoria"]
[Result "1/2-1/2"]
[WhiteTitle "k"]
[BlackTitle "k++"]
[WhiteElo "1910"]
[BlackElo "1915"]

1. e4 c5 2. Nf3 d6 3. d4 cxd4 4. Nxd4 Nf6 5. Nc3 a6 6. h4 h5 7. Bg5 e6 8. Bc4 Be7
9. Bb3 b5 10. a3 Ng4 11. Bxe7 Qxe7 12. Qd2 O-O 13. O-O-O Rd8 14. f3 Ne5 15. g4
hxg4 16. fxg4 Bb7 17. g5 Nbc6 18. Nxc6 Bxc6 19. Qf4 a5 20. a4 bxa4 21. Nxa4 Bxa4
22. Bxa4 Qb7 23. Rd4 Ng6 24. Qd2 Rab8 25. b3 e5 26. Rxd6 Rxd6 27. Qxd6 Rc8 28.
Qd5 Qb4 29. Qd7 Qc3 30. Rh2 Qa1+ 31. Kd2 Qc3+ 32. Kc1 Qa1+ 1/2-1/2

[Event "Druzynowe Mistrzostwa Polski - II liga"]
[Site "Sypniewo k. Jastrowia"]
[Date "1899-12-30"]
[Round "6.37"]
[White "Piesik, Piotr"]
[Black "Krzywda, Andrzej"]
[Result "1-0"]
[WhiteTitle "IM"]
[BlackTitle "CM"]
[WhiteElo "2404"]
[BlackElo "2076"]

1. d4 Nf6 2. c4 c5 3. d5 b5 4. cxb5 a6 5. f3 Bb7 6. e4 e6 7. Nc3 exd5 8. e5 Qe7
9. Qe2 Ng8 10. Nh3 c4 11. Nf4 Qc5 12. Nfxd5 Bxd5 13. Be3 Qb4 14. a3 Qa5 15. Bd2
Be6 16. Nd5 Qd8 17. Qxc4 Ra7 18. Rc1 Bxd5 19. Qxd5 Ne7 20. Qd4 Rc7 21. Rxc7 Qxc7
22. bxa6 Nec6 23. Qe4 Bc5 24. b4 Ba7 25. b5 Nd4 26. Bd3 Nb3 27. Be3 Nc5 28. Qd5
Qa5+ 29. Ke2 Nxd3 30. Qxd3 Bxe3 31. Kxe3 O-O 32. Rc1 Qb6+ 33. Ke2 d6 34. exd6
Nd7 35. Kf1 Re8 36. a4 g6 37. Qd2 Nf8 38. Rc6 Qa7 39. Qf2 Qd7 40. a7 Qf5 41. Qd2
Qe5 42. Rc4 Qa1+ 43. Kf2 Nd7 44. a5 Ne5 45. Re4 Rd8 46. Re1 Nc4 47. Rxa1 Nxd2
48. b6 1-0

[Event "Druzynowe Mistrzostwa Polski - II liga"]
[Site "Sypniewo k. Jastrowia"]
[Date "1899-12-30"]
[Round "6.38"]
[White "Chojnacki, Slawomir"]
[Black "Klepek, Witold"]
[Result "0-1"]
[WhiteTitle "CM"]
[BlackTitle "k++"]
[WhiteElo "2150"]
[BlackElo "2103"]

1. g3 Nf6 2. Bg2 e5 3. Nf3 e4 4. Nd4 d5 5. d3 Be7 6. O-O O-O 7. c4 c5 8. Nb5 exd3
9. exd3 Be6 10. Bf4 Na6 11. N1c3 Qd7 12. Re1 Rfe8 13. a3 Rad8 14. b3 b6 15. Rc1
d4 16. Ne4 Nxe4 17. Bxe4 Rc8 18. Qf3 Bg4 19. Qh1 g5 20. Bd2 Nb8 21. Bb7 a6 22.
Bxc8 Qxc8 23. Rxe7 Rxe7 24. Nd6 Qc6 25. Qxc6 Nxc6 26. Ne4 Ne5 27. Nf6+ Kg7 28.
Nxg4 Nf3+ 29. Kg2 Nxd2 30. h4 h5 31. Nh2 g4 32. b4 a5 33. bxc5 bxc5 34. a4 Rb7
35. Nf1 Nf3 36. Nh2 Ne5 37. Nf1 Rb2 38. Rd1 Nf3 39. Nh2 Ne5 40. Nf1 Rb3 41. Rd2
Nxd3 42. Ra2 Ne1+ 43. Kh1 Nf3 44. Nd2 Nxd2 45. Rxd2 Rc3 46. Re2 Rxc4 47. Kg2 d3
0-1

[Event "Druzynowe Mistrzostwa Polski - II liga"]
[Site "Sypniewo k. Jastrowia"]
[Date "1899-12-30"]
[Round "6.39"]
[White "Gola, Karol"]
[Black "Malecki, Rafal"]
[Result "1/2-1/2"]
[WhiteTitle "k"]
[BlackTitle "k+"]
[WhiteElo "2174"]
[BlackElo "1942"]

1. e4 g6 2. d4 d6 3. Nc3 Bg7 4. Be3 c6 5. Qd2 Nd7 6. Nf3 Qc7 7. a4 Ngf6 8. Bh6
O-O 9. Bd3 Re8 10. O-O a5 11. Bc4 d5 12. exd5 Nb6 13. Bb3 Nbxd5 14. Nxd5 cxd5
15. Ne5 Be6 16. Rfe1 Qb6 17. Rad1 Rad8 18. Qe3 Bh8 19. h3 Ne4 20. c4 dxc4 21.
Bxc4 Bxc4 22. Nxc4 Qb4 23. b3 Nc3 24. Rd3 Nxa4 25. Ne5 Nb6 26. Nxf7 Nd5 27. Qe4
Bf6 28. Nxd8 Rxd8 29. Bd2 Qb5 30. Be3 b6 31. g4 Qb4 32. Bd2 Qb5 33. g5 Bg7 34.
h4 Rd6 35. Rc1 Qd7 36. Be3 Kf7 37. Kg2 Kg8 38. Rdd1 Kf7 39. Qf3+ Kg8 40. Qh3 e6
41. Qf3 Qe8 42. Rc4 Rd8 43. Qe4 Qd7 44. Rdc1 Re8 45. Qf3 Bf8 46. Bf4 Ba3 47. Ra1
Bb2 48. Rb1 b5 49. Rxb2 bxc4 50. bxc4 Nxf4+ 51. Qxf4 Qc6+ 52. d5 exd5 53. cxd5
Qxd5+ 54. Kh2 Qe5 55. Qxe5 Rxe5 56. Rb7 Rf5 57. Kg3 Rf7 58. Rb8+ Kg7 59. Ra8 1/2-1/2

[Event "Druzynowe Mistrzostwa Polski - II liga"]
[Site "Sypniewo k. Jastrowia"]
[Date "1899-12-30"]
[Round "6.40"]
[White "Sroka, Janusz"]
[Black "Kalmuk, Krzysztof"]
[Result "1-0"]
[WhiteTitle "k"]
[BlackTitle "I++"]
[WhiteElo "1912"]
[BlackElo "1983"]

1. e4 c5 2. Nc3 Nc6 3. g3 g6 4. Bg2 Bg7 5. d3 d6 6. f4 Nf6 7. Nf3 Rb8 8. O-O O-O
9. h3 b5 10. a3 a5 11. Be3 Nd7 12. Rb1 b4 13. axb4 axb4 14. Ne2 Ba6 15. b3 Bb5
16. g4 Ra8 17. Qe1 Ra2 18. Rc1 e6 19. Qf2 f5 20. exf5 exf5 21. Ng5 Qe7 22. gxf5
gxf5 23. Rfe1 Bb2 24. Rcd1 Kh8 25. Ng3 Qf6 26. Nh5 Qg6 27. Qh4 Bc3 28. Bd2 Bd4+
29. Kh1 Rxc2 30. Re6 Nf6 31. Nxf6 Rxf6 32. Re8+ Kg7 33. Rc8 Ne7 34. Rc7 Kf8 35.
Nxh7+ Ke8 36. Nxf6+ Bxf6 37. Qe1 Bxd3 38. Qe6 1-0

[Event "Druzynowe Mistrzostwa Polski - II liga"]
[Site "Sypniewo k. Jastrowia"]
[Date "1899-12-30"]
[Round "6.41"]
[White "Kukula, Karol"]
[Black "Szajda, Marcin"]
[Result "1/2-1/2"]
[WhiteTitle "I+"]
[BlackTitle "I++"]
[WhiteElo "1821"]
[BlackElo "1936"]

1. e4 e5 2. Nf3 Nc6 3. Nc3 Nf6 4. Bb5 Bb4 5. O-O d6 6. d3 O-O 7. Bg5 Bxc3 8. bxc3
Qe7 9. Re1 Nd8 10. d4 Ne6 11. Bc1 c5 12. Bc4 Qc7 13. dxe5 dxe5 14. Bd5 Rb8 15.
c4 b6 16. c3 Rd8 17. Nh4 Ba6 18. Qf3 b5 19. cxb5 Bxb5 20. Nf5 g6 21. Ne3 Qe7 22.
Ng4 Nxg4 23. Qxg4 Bd7 24. Qg3 Qf6 25. Be3 Rdc8 26. Rab1 Rxb1 27. Rxb1 Bc6 28.
Qh3 h5 29. Bxc5 Bxd5 30. exd5 Rxc5 31. dxe6 Qxe6 32. Qxe6 fxe6 33. Rb8+ Kf7 34.
Rb7+ Kf6 35. Rxa7 Rxc3 36. g3 e4 37. a4 e3 38. fxe3 Rxe3 39. Rb7 Ra3 40. Rb4 Ra2
41. h4 e5 42. g4 hxg4 43. Rxg4 Kf5 44. Rg5+ Kf6 45. Rg4 Kf5 1/2-1/2

[Event "Druzynowe Mistrzostwa Polski - II liga"]
[Site "Sypniewo k. Jastrowia"]
[Date "1899-12-30"]
[Round "6.42"]
[White "Cyboran, Katarzyna"]
[Black "Wojcik, Jagoda"]
[Result "1-0"]
[WhiteTitle "I++"]
[BlackTitle "I++"]
[WhiteElo "1773"]
[BlackElo "1612"]

1. e4 c5 2. Nf3 Nc6 3. Bb5 g6 4. O-O Bg7 5. Re1 Nf6 6. c3 O-O 7. d4 cxd4 8. cxd4
d6 9. Nc3 Bg4 10. Be3 Nd7 11. Be2 Nb6 12. b3 Nd7 13. Qd2 Qa5 14. a3 Rfc8 15. b4
Qd8 16. Rac1 Nb6 17. h3 Bxf3 18. gxf3 e6 19. Bg5 Qd7 20. Be3 Ne7 21. Bb5 Qd8 22.
Ne2 d5 23. Rc5 a6 24. Bd3 Nd7 25. Rc3 b5 26. Rxc8 Rxc8 27. a4 bxa4 28. Bxa6 Ra8
29. Bd3 Nb6 30. b5 Nec8 31. e5 f6 32. Bf4 fxe5 33. dxe5 Qd7 34. Nd4 Na7 35. Qb4
Rc8 36. Kg2 Kf7 37. Ra1 Bf8 38. Qa5 Qb7 39. Qd2 Rc5 40. Bg5 Qd7 41. Qf4+ Kg8 42.
Qg4 Kf7 43. h4 Rc3 44. Be2 a3 45. h5 Nc4 46. hxg6+ hxg6 47. Qf4+ Kg8 48. Qf6 Qf7
49. Qd8 Nxe5 50. Bf6 Nd7 51. b6 Rc8 52. bxa7 Rxd8 53. Bxd8 Nb6 54. Bxb6 Qb7 55.
Nxe6 Bd6 56. Nc5 Qa8 57. Rxa3 Kf7 58. Bb5 d4 59. Ra6 Qd5 60. Bc4 Qxc4 61. a8=Q
d3 62. Qb7+ Kf6 63. Bd8+ Ke5 64. Qe4+ 1-0

[Event "Druzynowe Mistrzostwa Polski - II liga"]
[Site "Sypniewo k. Jastrowia"]
[Date "1899-12-30"]
[Round "6.43"]
[White "Laszewicz, Pawel"]
[Black "Rudolf, Michal"]
[Result "1/2-1/2"]
[WhiteTitle "k"]
[BlackTitle "FM"]
[WhiteElo "2108"]
[BlackElo "2356"]

1. Nf3 Nf6 2. c4 e6 3. Nc3 d5 4. d4 c6 5. cxd5 exd5 6. Bg5 Be7 7. Qc2 g6 8. e3
Bf5 9. Bd3 Bxd3 10. Qxd3 Nbd7 11. O-O O-O 12. Rab1 Ne4 13. Bh6 Re8 14. Nxe4 Bf8
15. Bg5 dxe4 16. Bxd8 exd3 17. Bh4 c5 18. dxc5 Nxc5 19. Rfd1 Rac8 20. Ne1 Re4
21. Bf6 Rc4 22. Nxd3 Nxd3 23. Rxd3 Rc1+ 24. Rd1 Rxb1 25. Rxb1 Bg7 26. Bxg7 Kxg7
27. a4 a5 28. b3 Rc5 29. g3 b5 30. Ra1 b4 31. Rd1 Rc3 32. Rd5 Rxb3 33. Rxa5 Ra3
34. Kg2 h5 35. h4 b3 36. Rb5 Rxa4 37. Rxb3 Kf6 38. Rb6+ Ke7 39. Kf3 Ra2 40. e4
Kf8 41. Rb7 Kg7 42. Ke3 Kf6 43. f3 Ra3+ 44. Kf4 Ra4 45. Rd7 Rb4 46. Ke3 Ra4 47.
Rd6+ Ke7 48. Rd4 Ra5 49. Kf4 Ke6 50. Rb4 Kf6 51. Rb7 Ra4 52. g4 hxg4 53. Kxg4
Rc4 54. Rb6+ Kg7 55. Rd6 Ra4 56. Kg3 Ra1 57. e5 Re1 58. f4 Rg1+ 59. Kh3 1/2-1/2

[Event "Druzynowe Mistrzostwa Polski - II liga"]
[Site "Sypniewo k. Jastrowia"]
[Date "1899-12-30"]
[Round "6.44"]
[White "Chalupnik, Marcin"]
[Black "Majocha, Piotr"]
[Result "0-1"]
[WhiteTitle "k++"]
[BlackTitle "I++"]
[WhiteElo "2174"]
[BlackElo "1980"]

1. e4 e6 2. d4 d5 3. Nc3 Bb4 4. e5 c5 5. a3 Bxc3+ 6. bxc3 Ne7 7. a4 Qc7 8. Nf3
b6 9. Bb5+ Bd7 10. Bd3 Nbc6 11. O-O c4 12. Be2 f6 13. Re1 O-O-O 14. Ba3 Nf5 15.
Bf1 h5 16. g3 Rde8 17. Bh3 Nh6 18. Nh4 Nf7 19. exf6 gxf6 20. f4 e5 21. Bxd7+ Qxd7
22. Qd2 e4 23. f5 Rhg8 24. Qf2 Rg4 25. h3 Ng5 26. Qg2 Rxh4 27. gxh4 Nf3+ 28. Kh1
Qxf5 29. Bd6 Kd7 30. Bh2 Ne7 31. Re2 Rg8 32. Qf1 Ng6 33. Qg2 Ne7 34. Qf1 Nxh4
35. Qxf5+ Nexf5 36. Rg1 Rxg1+ 37. Kxg1 Ke6 38. Bf4 Nf3+ 39. Kf2 N5h4 40. Bb8 a6
41. Kg3 Kf5 42. Bc7 Ng6 43. Rg2 h4+ 44. Kf2 Ng5 45. Ke3 Nxh3 46. Rh2 Ng5 47. Bxb6
Nf3 48. Rh1 Kg4 49. Bc7 f5 50. a5 h3 51. Bh2 f4+ 52. Ke2 Nxh2 0-1

[Event "Druzynowe Mistrzostwa Polski - II liga"]
[Site "Sypniewo k. Jastrowia"]
[Date "1899-12-30"]
[Round "6.45"]
[White "Luba, Lukasz"]
[Black "Warszawski, Bartosz"]
[Result "0-1"]
[WhiteTitle "k"]
[BlackTitle "m"]
[WhiteElo "2143"]
[BlackElo "2169"]

1. e4 c5 2. Nf3 e6 3. Nc3 Nc6 4. g3 Nf6 5. Bg2 d5 6. Qe2 dxe4 7. Nxe4 Be7 8. d3
O-O 9. O-O Nd5 10. c3 e5 11. Re1 Re8 12. Qc2 Bf5 13. Nfd2 Qd7 14. Nc4 Rac8 15.
a4 b6 16. Be3 Nxe3 17. fxe3 Be6 18. Nf2 f5 19. Qe2 Bf6 20. e4 f4 21. Qf1 g5 22.
gxf4 gxf4 23. Bh3 Bh4 24. Kh1 Bxh3 25. Qxh3 Qxh3 26. Nxh3 Bxe1 27. Rxe1 Rcd8 28.
Rg1+ Kf7 29. Ng5+ Ke7 30. Rd1 Kf6 31. Nf3 Re7 32. Kg2 Red7 33. Ne1 Rg8+ 34. Kf2
Rdg7 35. Nd2 Nd8 36. Ndf3 Ne6 37. h4 Rd8 38. Ra1 a5 39. Ra3 c4 40. d4 exd4 41.
cxd4 Nxd4 42. Rc3 Rc7 43. Nxd4 Rxd4 44. e5+ Kf5 45. Rc2 c3 46. bxc3 Rxa4 47. Nf3
Rac4 48. Re2 Re4 49. Rb2 Rxc3 50. Rxb6 Rc2+ 51. Kf1 Rb4 52. Rxb4 Rc1+ 0-1